Greening Human Resources Through the Lens of Bibliometrics: Emerging Pathways and Research Frontiers

Enregistré dans:
Détails bibliographiques
Auteur principal: Skorková, Zuzana, 1979-
Autres auteurs: Gažová Adamková, Hana, 1969-
Format: Chapitre de livre
Langue:anglais
Sujets:
Tags: Ajouter un tag
Pas de tags, Soyez le premier à ajouter un tag!

MARC

LEADER 00000naa$a2200000$$$4500
001 0314361
005 20260128091931.2
041 0 |a eng 
044 |a SK 
245 1 0 |a Greening Human Resources Through the Lens of Bibliometrics: Emerging Pathways and Research Frontiers  |c Zuzana Skorková, Hana Gažová Adamková 
610 2 0 |a ekonómia 
610 2 0 |a manažment 
610 2 0 |a podnikanie 
610 2 0 |a digitalizácia 
610 2 0 |a financie 
100 1 |a Skorková, Zuzana, 1979- 
700 1 |a Gažová Adamková, Hana, 1969-